| 000 | 00446nam a2200157Ia 4500 | ||
|---|---|---|---|
| 008 | 210716s2009 xx 000 0 und d | ||
| 020 | _a9788180940682 | ||
| 041 | _aeng | ||
| 082 | _a001.42 RAMP | ||
| 100 | _aRamadass, P;Aruni, A Wilson. | ||
| 245 |
_aResearch and writing: across the disciplines. _bAcross the disciplines. |
||
| 250 | _a1 | ||
| 260 |
_aChennai _bMJP Publishers _c2009 |
||
| 300 | _axvii,261 | ||
| 650 | _aResearch Methodology | ||
| 999 |
_c192364 _d192364 |
||